000
00299nam a2200121Ia 4500
005
20251222155211.0
008
251222s9999||||xx |||||||||||||| ||spa||
082
_a
SOC.52
100
_a
CONSEJO INTERNACIONAL.
245
0
_a
XX Congreso cuadrienal de EnfermerÃa
264
_b
No tiene
942
_c
LIB
999
_c
40316
_d
40316